Countries that start with A - Statistics

General Stats
  • This quiz has been taken 15 times
  • The average score is 9 of 11
Answer Stats
Hint Answer % Correct
Home to kangaroos Australia
100%
Raki is the national drink Albania
93%
Largest african nation Algeria
93%
It is stuck between France and Spain Andorra
93%
Winners of of 2022 FIFA World Cup Argentina
93%
Home to Europe's biggest waterfall Austria
93%
Portuguese is the official language Angola
87%
The first country to adapt christianity Armenia
87%
Known as "The Land of Fire" Azerbaijan
80%
This country has two B's Antigua and Barbuda
67%
The country controlled by the taliban Afganistan
53%
No matching quizzes found
Score Distribution
Percent of People with Each Score
Percentile by Number Answered
Your Score History
You have not taken this quiz